Statistics for Parties of Northern Ireland 2017-2022

Click here to take the quiz!

General Stats

  • This quiz has been taken 70 times
  • The average score is 6 of 9

Answer Stats

TypeNo. of seatsAnswer% Correct
N27Sinn Féin
93%
U28Democratic Unionist Party
90%
U10Ulster Unionist Party
83%
O8Alliance
78%
O2Green
68%
N12Social Democratic and Labour Party
59%
U1Traditional Unionist Voice
51%
O1People before Profit
49%
U1Independent
47%

Score Distribution

Percentile by Number Answered

Percent of People with Each Score

Your Score History

You have not taken this quiz